000 07921nam a22006377a 4500
008 081105t xxu||||| |||| 00| 0 eng d
010 _aB-277676-708
020 _a9788172249616
_c195.00
035 _aB-277676-708
037 _aAakar Books/I-119/10.6.08/63/16.5.08/11.7.08
040 _adpl
_bEnglish
082 _a615.532
100 _aWadia, Shirin
245 _aHandbook of homoeopathy /
_cby Shirin Wadia
260 _aMumbai
_bJaico Publishing House
_c2007
270 _a121 Mahatma Gandhi Raod,
_bMumbai
_e400001
300 _a243p.:
_c22cm (pbk)
_bill.
500 _aIncludes index
942 _2ddc
_cEN
_mWAD
_h615.532
999 _c18032
_d18032